عرض عادي عرض مارك
  • Application software

مدخل مصطلح موضوعي

عدد التسجيلات المستخدمة في: 1

001 - رقم الضبط

  • حقل الضبط: 39630

003 - معرف رقم الضبط

  • حقل الضبط: OSt

005 - تاريخ ووقت أخر عملية

  • حقل الضبط: 20131113205306.0

008 - عناصر بيانات ثابتة الطول

  • حقل تحكم ثابت الطول: 131113|||a|||||| | ||| d

040 ## - مصدر الفهرسة

  • هيئة الفهرسة الأصلية: OSt
  • وكالة الكتابة: OSt

150 ## - مدخل-- مصطلح تاريخي

  • عنصر مدخل المصطلح الموضوعي او الاسم الجغرافي: Application software
  • تفريع عام: Development
  • تفريع عام: Examinations
  • تفريع شكلي: Study guides.

670 ## - بيانات المصدر موجوده

  • الاستشهاد بالمصدر: Work cat.: (OSt)0: Johnson, Bruce (William Bruce) 39629, MCPD self-paced training kit (exam 70-548) :, 2007.